Eros and poetry at the courts of Mary Queen of Scots and James VI (Record no. 71704)
[ view plain ]
| 000 -LEADER | |
|---|---|
| fixed length control field | 01475nam a2200361Ia 4500 |
| 082 04 - DEWEY DECIMAL CLASSIFICATION NUMBER | |
| Classification number | 820.9003 |
| 100 1# - MAIN ENTRY--AUTHOR NAME | |
| Personal name | Dunnigan, Sarah, |
| 245 10 - TITLE STATEMENT | |
| Title | Eros and poetry at the courts of Mary Queen of Scots and James VI |
| 260 ## - PUBLICATION, DISTRIBUTION, ETC. (IMPRINT) | |
| Place of publication | Basingstoke : |
| Name of publisher | Palgrave, |
| Year of publication | 2002. |
| 300 ## - PHYSICAL DESCRIPTION | |
| Number of Pages | x, 219 p. |
| 490 1# - SERIES STATEMENT | |
| Series statement | Early modern literature in history |
| 650 #0 - SUBJECT ADDED ENTRY--TOPICAL TERM | |
| Topical Term | English poetry |
| Topical Term | Erotic poetry, English |
| Topical Term | Monarchy in literature. |
| 856 40 - ELECTRONIC LOCATION AND ACCESS | |
| Uniform Resource Identifier | http://site.ebrary.com/lib/rucke/Doc?id=10057401 |
No items available.
